Contemporary chemistry

Bibliographic Details
Main Authors: Hearst, John E., Iffet, James B.
Format: Section = Libro
Language:Undetermined
Spanish
Published: United States Freeman and Company 1976
Subjects:
LEADER 00532nam a2200205Ia 4500
008 240830s9999 xx 000 0 und d
020 |a 0-7167-0172-3 
040 |a CEDOC FIQ-RUSB / 540 H436 
041 |a spa 
082 |a 540 H436 
100 1 |a Hearst, John E. 
100 1 |b Iffet, James B. 
245 1 0 |a Contemporary chemistry 
260 |a United States  |b Freeman and Company  |c 1976 
300 |a 753 p.: il. 
650 7 |a QUÍMICA GENERAL 
650 7 |b  LA CONSERVACIÓN DE LA MASA 
942 |c BK  |2 ddc 
991 |a TEXTO 
999 |c 13827